Súčasnosť a budúcnosť športu pre všetkých v Slovenskej republike zborník

Bibliographic Details
Other Authors: Labudová, Jela, 1944- (Editor)
Format: Book
Language:Slovak
PhysicalDescription:135 s. fotogr., sch., tab. 21 cm
Published: Bratislava Peem 2006
ISBN:8089197620 (brož.)
Edition:1. vyd.
Subjects:

MARC

LEADER 00000nam a2200000 a 4500
001 vtls008992264
003 SK-MaSNL
005 20260331205259.0
008 250414s2006 xo ol f 100 0 slo
015 |a SNBA2007/07-02922 
020 |a 8089197620 (brož.) 
035 |a d966b361-2b50-40df-9ad7-fb72414e0e65 
035 |a urn:nbn:sk:snk-amjqrl 
035 |a urn:nbn:sk:snk:ar-0090mg 
040 |a SNK  |b slo  |c SNK  |e AACR2 
041 0 |a slo 
043 |a e-xo--- 
044 |a xo  |c SK 
072 7 |a 796  |x Šport. Hry. Telesné cvičenia  |2 konspekt 
100 1 |a Labudová, Jela,  |d 1944-  |4 edt  |9 231285 
245 1 0 |a Súčasnosť a budúcnosť športu pre všetkých v Slovenskej republike  |b zborník  |c Labudová Jela a kol. 
250 |a 1. vyd. 
260 |a Bratislava  |b Peem  |c 2006 
300 |a 135 s.  |b fotogr., sch., tab.  |c 21 cm 
500 |a Vydané pre Fakultu telesnej výchovy a športu Univerzity Komenského v Bratislave 
504 |a Bibliogr. odkazy 
650 0 7 |a šport  |2 SNKPH  |9 1042 
655 7 |a zborníky konferencií  |2 SNKPH  |9 70153 
655 7 |a issue_zb  |2 SNK  |9 276493 
852 |a Slovenská národná knižnica 
919 |a 80-89197-62-0 
954 |a odborná, vedecká literatúra pôvodná (slovenská)  |2 lita 
954 |a odborná, vedecká literatúra cudzojazyčná (svetová)  |2 lita 
958 |a ART 
958 |a NB 
958 |a OND 
968 |d 793/799 
999 |c 913073  |d 915003 
952 |a SNK  |b SNK  |y VYP  |7 0  |p 17A0552103  |o snkSC 128050 D1  |i snk2007/13431  |8 0  |0 0  |1 0  |4 0  |d 2007-05-24  |l 0  |r 2026-02-24 07:49:47  |w 2026-02-24 
952 |a SNK  |b SNK  |y PREZ  |7 0  |p 17A0552100  |o snkSC 128050  |i snk2007/13430  |8 0  |0 0  |1 0  |4 0  |d 2007-05-24  |l 0  |r 2025-06-17 00:00:00  |w 2026-02-24